Diary of a wimpy kid (Record no. 7926)

MARC details
000 -LEADER
fixed length control field 00702nam a22002057a 4500
003 - CONTROL NUMBER IDENTIFIER
control field OSt
005 - DATE AND TIME OF LATEST TRANSACTION
control field 20260129004606.0
008 - FIXED-LENGTH DATA ELEMENTS--GENERAL INFORMATION
fixed length control field 260129b |||||||| |||| 00| 0 eng d
020 ## - INTERNATIONAL STANDARD BOOK NUMBER
International Standard Book Number 978419703683
040 ## - CATALOGING SOURCE
Original cataloging agency DWCL GS library
Transcribing agency OC
082 ## - DEWEY DECIMAL CLASSIFICATION NUMBER
Classification number F K 51d 2011
100 ## - MAIN ENTRY--PERSONAL NAME
Personal name kinney, Jeff
245 ## - TITLE STATEMENT
Title Diary of a wimpy kid
Remainder of title Cabin fever
260 ## - PUBLICATION, DISTRIBUTION, ETC.
Place of publication, distribution, etc. New york
Name of publisher, distributor, etc. Wimpy kid Inc.
Date of publication, distribution, etc. c2011
300 ## - PHYSICAL DESCRIPTION
Extent 217
Other physical details illustrations
Dimensions 21cm
520 ## - SUMMARY, ETC.
Summary, etc. Greg struggles to stay on Santa's 'nice' list while snowed in with the rest of the Heffley family in the days leading up to Christmas
546 ## - LANGUAGE NOTE
Language note English
700 ## - ADDED ENTRY--PERSONAL NAME
Personal name Jeff kinney
942 ## - ADDED ENTRY ELEMENTS (KOHA)
Source of classification or shelving scheme Dewey Decimal Classification
Koha item type Fiction
Classification part F K 51d 2011
Suppress in OPAC No
952 ## - LOCATION AND ITEM INFORMATION (KOHA)
--
Holdings
Withdrawn status Lost status Source of classification or shelving scheme Damaged status Not for loan Home library Current library Shelving location Date acquired Source of acquisition Total Checkouts Full call number Barcode Date last seen Price effective from Koha item type Uniform Resource Identifier
    Dewey Decimal Classification     Grade School Library Grade School Library Fiction 01/29/2026 School Fund, Donation   F K 51d 2011 23840 01/29/2026 01/29/2026 FIC.